000 00654nam a2200277Ia 4500
005 20260324115301.0
008 008 260324s9999 xx 000 0 eng d
020 _a9781315154589
037 _aEBOOK
040 _aCRL
040 _beng
040 _cCRL
041 _2eng
041 _aeng
084 _qCRL
100 _aMohamed Trebak; Scott Earley
_91154070
245 0 _aSignal Transduction and Smooth Muscle
260 _bTaylor and Francis
260 _c2018
365 _a
365 _b465
856 _uhttp://www.taylorfrancis.com/books/9781315154589
942 _cEBOOK
999 _c1744833
_d1744833